Billboards Top 100 Artist's Of The Year 2020 - Statistics

General Stats
  • This quiz has been taken 244 times
  • The average score is 30 of 100
Answer Stats
# Song/Hint Artist % Correct
2 Blinding Lights The Weeknd
94%
11 Bad Guy Billie Eilish
82%
9 You Need To Calm Down Taylor Swift
82%
5 Tootsie Slide Drake
80%
63 Old Town Road Lil Nas X
77%
55 Bohemian Rhapsody Queen
77%
27 Postions Ariana Grande
76%
94 Billie Jean Michael Jackson
75%
40 Thinking Out Loud Ed Sheeran
74%
42 Havana Camila Cabello
73%
1 Goodbyes Post Malone
67%
15 Intentions Justin Bieber
64%
3 The Box Roddy Ricch
64%
18 Dynamite BTS
62%
44 Telephone Lady Gaga
62%
22 Say So Doja Cat
60%
16 Someone You Loved Lewis Capaldi
59%
29 Memories Maroon 5
57%
23 Goosebumps Travis Scott
57%
80 Humble Kendrick Lamar
56%
69 Hey Jude The Beatles
56%
37 Rocketman Elton John
55%
41 Lose You To Love Me Selena Gomez
55%
12 Break My Heart Dua Lipa
54%
25 Truth Hurts Lizzo
53%
85 Hotel California Eagles
51%
35 Without Me Halsey
48%
26 Mask Off Future
47%
8 Cherry Harry Styles
47%
28 Without Me Eminem
46%
67 Mercy Shawn Mendes
46%
4 Rockstar DaBaby
44%
56 Money Cardi B
43%
6 Robbery Juice WRLD
41%
98 Writings On The Wall Sam Smith
39%
20 Body Megan Thee Stallion
38%
83 Lollipop Lil Wayne
31%
10 Mood Swings Pop Smoke
31%
66 Changes XXXTENTACION
31%
32 No Guidance Chris Brown
30%
46 Blueberry Faygo Lil Mosey
30%
19 Dakiti Bad Bunny
27%
81 Touch My Body Mariah Carey
27%
39 Bop It Polo G
27%
89 Ransom Lil Tecca
26%
14 Myron Lil Uzi Vert
24%
54 Roxanne Arizona Zervas
23%
45 Better Khalid
23%
96 Friends Marshmello
23%
33 Only Human Jonas Brothers
21%
90 F.N. Lil Tjay
21%
79 Let You Down NF
21%
7 Deep End Lil Baby
20%
71 After Party Don Toliver
19%
47 Roses SAINt JHN
19%
30 No Limit Young Thug
19%
64 Right Now Moneybagg Yo
18%
59 Do Re Mi Blackbear
15%
31 Excuses Kane Brown
14%
24 Little Rain Morgan Wallen
14%
87 Sunday Best Surfaces
14%
86 Vertigo U2
14%
72 Suicidal YNW Melly
14%
48 Falling Trevor Daniel
13%
70 The Power Of Love Celine Dion
12%
82 Camelot NLE Choppa
12%
68 Out West JACKBOYS
11%
13 Dont Tempt Me Luke Combs
11%
77 Die A Happy Man Thomas Rhett
11%
53 Honey Bee Blake Shelton
10%
58 I Should Probably Go To Bed Dan + Shay
9%
36 Oh Okay Gunna
9%
74 Strip It Down Luke Bryan
9%
49 Ghost Jack Harlow
7%
51 Night Train Jason Aldean
7%
61 Love Scars Trippie Redd
7%
76 Seven Wonders Fleetwood Mac
6%
65 Best Day Ever Mac Miller
6%
60 Take Your Time Sam Hunt
6%
93 Parachute Chris Stapleton
5%
91 Dirt On My Boots Jon Pardi
5%
75 Pain Away Lil Durk
5%
34 Craving You Maren Morris
5%
92 Tin Man Miranda Lambert
4%
57 Somebody A Boogie Wit Da Hoodie
3%
43 Goldmine Gabby Barrett
3%
97 Damage H.E.R.
3%
99 There Goes My Life Kenny Chesney
3%
84 Hard To Love Lee Brice
3%
38 Bad Child Tones And I
3%
17 Ten Talk YoungBoy Never Broke Again
3%
50 Body Language Jhene Aiko
2%
73 Snapback Old Dominion
2%
21 Thug Life Rod Wave
2%
52 My Affection Summer Walker
2%
78 Trust Nobody Tory Lanez
2%
100 Smoke Maddie & Tae
1%
62 4 Digits Mustard
1%
95 Perfume SHAED
1%
88 The Lost Christmas Eve Trans-Siberian Orchestra
1%
No matching quizzes found
Score Distribution
Percent of People with Each Score
Percentile by Number Answered
Your Score History
You have not taken this quiz